000 00303nam a22001337a 4500
008 181218b xxu||||| |||| 00| 0 eng d
020 _a0944210880
041 _aeng
080 _a371
100 _a46
101 _aEDU
245 _aTen Steps to Improving Reading Skills
_cLangan,J
942 _2udc
_cBK
999 _c53342
_d53342